002190000a220007300045001000024000002450037000243000037000617730047000981 aCoggins, Richard J.10aDo we still need Deutero-Isaiah? aNúm 81 (1998), Páginas 77-920 tJournal for the Study of the Old Testament